000 00655nam a2200265Ia 4500
008 170203s9999 xx 000 0 und d
020 _a0-733306268
050 _aFic
050 _bB8694m
100 _aBruna, Dick.
245 _aMiffy at school /
245 _cDick Bruna.
260 _aSydney :
260 _bABC Books,
260 _c1997
300 _a1 volume (unpaged) :
300 _bcolor illustrations ;
300 _c16 cm
650 _aMiffy -- (Fictitious character) --
650 _aRabbits --
650 _aSchool --
650 _xJuvenile fiction.
650 _xJuvenile fiction.
650 _xJuvenile fiction.
999 _c306458
_d306458